Acronyms by letter - U - Statistics

General Stats
  • This quiz has been taken 18 times
  • The average score is 7 of 10
Answer Stats
Hint Answer % Correct
UK United Kingdom
100%
USA United States of America
100%
UN United Nations
94%
UAE United Arab Emirates
89%
UV Ultra violet
78%
USD United States dollar
72%
UTI Urinary tract infection
50%
USSR Union of soviet socialist republics
33%
UCLA University of California Los Angeles
33%
UCL University college London
22%
No matching quizzes found
Score Distribution
Percent of People with Each Score
Percentile by Number Answered
Your Score History
You have not taken this quiz